000 00714nam a22001935i 4500
001 167431
003 ES-MaACL
005 20250809034613.0
008 050927s1891 sp | |||||||| ||spa d
040 _aCAM
_bspa
_cCAM
100 1 _aVida Vilches, Jerónimo,
_d1858-1915
_9114411
245 1 3 _aLa imputabilidad criminal y las causas que la excluyen ó la modifican /
_cpor Jerónimo Vida.
250 _a2ª ed.
260 _aSalamanca :
_b[s.n.],
_c1891 (
_fImprenta de Jacinto Hidalgo)
300 _a149 p. ;
_c19 cm.
650 7 _aDerecho penal
_2embne
_911749
852 _aES-MaACL
_jT-589-F-2
_z-- Enc. hol., conservando la enc. original
_z-- Enc. en un vol. facticio
999 _c167431
_d167431